000 00521nam a2200181Ia 4500
999 _c27993
_d27993
003 OSt
005 20201218144929.0
008 190216s9999||||xx |||||||||||||| ||und||
020 _a9788171301591
040 _coclc
082 _a894.8121
_bCHA/A
100 _aChacko, Chemmanam
_97459
245 0 _aAalillakkaserakal /
_cChemmanam Chacko
260 _bCurrent Books,
_c1999.
_aKottayam:
300 _a159p
650 _aMalayalam Kavitha
942 _cBK
_2ddc
_h894.8121
_iCHA/A
_k894.8121
_mCHA/A